|
|
|
|
| LEADER |
00980nam#a22003135a#4500 |
| 001 |
017961 |
| 005 |
20160721154159.0 |
| 008 |
060524s1998####ag#a#####b####000#0#spa#d |
| 020 |
|
|
|a 9501664759
|
| 040 |
|
|
|a AR-beUNQ
|
| 082 |
0 |
4 |
|a 323
|2 21
|
| 099 |
|
|
|a 02-A49
|
| 100 |
1 |
|
|a Alonso, María E
|
| 245 |
1 |
3 |
|a Los derechos de las personas
|c María E. Alonso, Lía Bachman, María del Carmen Correale.
|
| 260 |
|
|
|a Buenos Aires :
|b Troquel,
|c 1998.
|
| 300 |
|
|
|a 79 p. :
|b il., col ;
|c 28 cm.
|
| 490 |
0 |
|
|a Formación ética y ciudadana
|
| 504 |
|
|
|a Bibliografía: p. 79
|
| 650 |
|
7 |
|a Derechos humanos
|2 Spines
|
| 650 |
|
7 |
|a Derecho civil
|2 Spines
|
| 650 |
|
7 |
|a Igualdad social
|2 Spines
|
| 650 |
|
7 |
|a Formación política
|2 Spines
|
| 650 |
|
7 |
|a Libertades civiles
|2 Spines
|
| 650 |
|
7 |
|a Democracia
|2 Spines
|
| 700 |
1 |
|
|a Bachman, Lía
|
| 700 |
1 |
|
|a Correale, María del Carmen
|
| 929 |
|
|
|a DONACION
|b UVQ. Bachillerato Adultos
|d 0
|e 20050307
|j 38706
|
| 942 |
|
|
|c LIB
|n 0
|
| 999 |
|
|
|c 18224
|d 93611
|